000 01655nam\a2200325\a\4500
001 57753
005 20260409122713.0
008 260409s2006 nyua b 001 0 eng
020 _a9780521858595
_qhardback
020 _a9780521858595
_q(hardback)
020 _a9780521675291
_q(pbk.)
040 _aDLC
_cDLC
_dBd-DhIUB
082 0 0 _a340.2
_222
_bM5281c
100 1 _aMenski, Werner.
245 1 0 _aComparative law in a global context :
_bthe legal systems of Asia and Africa /
_cWerner Menski.
260 _aNew York :
_bCambridge University Press,
_c2006.
300 _axx, 674 p. :
_bill. ;
_c24 cm.
504 _aIncludes bibliographical references (p. 614-658) and index.
505 0 _aComparative law and legal theory from a global perspective -- Legal pluralism -- Comparative jurisprudence : images and reflections of law -- Hindu law : the search for appropriateness -- Islamic law : god's law or men's law? -- African law : the search for law -- Chinese law : code and conduct.
526 _aSL
_blaw
_lLaw
541 _aRisaam
650 0 _aComparative law.
650 0 _aLaw
_xPhilosophy.
856 4 1 _3Table of contents only
_uhttp://www.loc.gov/catdir/toc/ecip0515/2005018618.html
856 4 2 _3Publisher description
_uhttp://www.loc.gov/catdir/enhancements/fy0633/2005018618-d.html
856 4 2 _3Contributor biographical information
_uhttp://www.loc.gov/catdir/enhancements/fy0733/2005018618-b.html
942 _2ddc
_cBK
999 _c57753
_d57927